000 01144cam a2200301 i 4500
001 111771
005 20230410103914.0
008 130802s1996 enka 000 0 eng
020 _a1860640249
041 0 _aeng
050 1 4 _a432 DS 98.6
_bD154s 1996
100 1 _aDam, Nikolaos Van
245 1 4 _aThe struggle for power in Syria :
_bpolitics and Society under Asad and the Ba'th Party /
_cNikolaos Van Dam.
260 _aLondon :
_bI.B. Tauris,
_c1996.
300 _axii,228p ;
_c22cm.
505 0 _aBibliography: p202-218. Previous ed.: published as The struggle for power in Syria: sectarianism, regionalism and tribalism in politics, 1961-1978. London : Croom Helm, 1979.
651 0 _aSyria
_xPolitics and government.
650 0 _aMinorities
_zSyria.
650 0 _aAssad, Hafez, 1930-2000.
650 0 _aSyria
_xKings and rulers.
650 0 _aSyria
_xPolitics and government
_y1971-2000.
650 0 _aSyria
_xPolitics and government
_y2000-
650 0 _aSyria
_xSocial conditions.
651 4 _aSiria
_xPolítica y gobierno
_y2000-
651 4 _aSiria
_xPolítica y gobierno
_y1971-2000-
942 _2lcc
_cbk
946 _almd
999 _c28169
_d28169